Komparácia slovenského poľnohospodárstva s EÚ a s krajinami CEFTA

Štatistické prehľady - porovnanie poľnohospodárskej výroby obilnín, olejnín, strukovín, cukrovej repy a zemiakov na Slovensku a v krajinách EÚ a CEFTA.

Gespeichert in:
Bibliographische Detailangaben
Format: Buchkapitel
Sprache:Slowakisch
Schlagworte:
Tags: Tag hinzufügen
Keine Tags, Fügen Sie das erste Tag hinzu!

MARC

LEADER 00000naa$a2200000$$$4500
001 0004078
005 20231004074638.6
041 0 |a slo 
044 |a SK 
245 1 0 |a Komparácia slovenského poľnohospodárstva s EÚ a s krajinami CEFTA 
520 |a Štatistické prehľady - porovnanie poľnohospodárskej výroby obilnín, olejnín, strukovín, cukrovej repy a zemiakov na Slovensku a v krajinách EÚ a CEFTA. 
610 2 0 |a výroba poľnohospodárska 
610 2 0 |a porovnanie štatistické medzinárodné 
610 2 0 |a Slovensko 
610 2 0 |a Európska únia 
610 2 0 |a CEFTA